| 000 | 00449nam a2200133Ia 4500 | ||
|---|---|---|---|
| 008 | 221007s9999 xx 000 0 und d | ||
| 041 | _aeng | ||
| 082 | _bYAD | ||
| 100 |
_aYadav Swati - 2K131111; Prof.Ranjana Gogate - Guide & [Company Name] - Bharat Heavy Electricals Ltd. _9103228 |
||
| 245 | _aStudy Of Financial Performance Using Ratio Analysis | ||
| 260 |
_cSep-14 _bSavitribai Phule Pune University _aPune |
||
| 300 | _a50p | ||
| 906 | _bGeneral | ||
| 999 |
_c73560 _d73560 |
||